000 01182cpcaa2200277 a 4500
001 mm2005085202
003 DLC
005 20260227111730.0
008 050113|||||||||||| eng
010 _amm2005085202
040 _aDLC
_cDLC
_edacs
_dDLC
072 7 _aW
_2lcmd
100 1 _aGurley, P. D.
_q(Phineas Densmore),
_d1816-1868.
245 0 0 _aP. D. Gurley correspondence,
_f1865.
300 _a1
_fitem.
506 0 _aOpen to research.
520 8 _aALS (1865 May 22; Washington, D.C.) from Gurley to E. Darwin Brooks of Potsdam, N.Y., concerning the death and burial of Abraham Lincoln, the attitude of the people of Springfield, Ill., toward Mary Todd Lincoln, and the trial of the Lincoln assassination conspirators. Includes stamped envelope.
545 0 _aClergyman.
546 _aCollection material in English.
600 1 0 _aBrooks, E. Darwin
_vCorrespondence.
600 1 0 _aLincoln, Abraham,
_d1809-1865
_xAssassination.
600 1 0 _aLincoln, Mary Todd,
_d1818-1882.
656 7 _aClergy.
_2itoamc
999 _c44706
_d44706